| 000 | nam a22 7a 4500 | ||
|---|---|---|---|
| 999 |
_c126258 _d126258 |
||
| 008 | 170309b xxu||||| |||| 00| 0 eng d | ||
| 050 | _aHX73.S42 2015 | ||
| 100 |
_aScruton, Roger _929261 |
||
| 245 |
_aFools, frauds and firebrands _bThinkers of the new left _cRoger Scrotun |
||
| 260 |
_aLondon _bBloombury _c2015 |
||
| 300 |
_aviii, 296p. ; _c22cm. |
||
| 650 |
_aCommunism _929262 |
||
| 650 |
_aSocialism _919902 |
||
| 650 |
_aRight and left (Philosophy) _929263 |
||
| 650 |
_aRight and left (Political science) _918753 |
||
| 942 |
_2lcc _cMONOGRAPH |
||